=LDR 00000nam 2200000 4500 =001 INLIS000000000032747 =005 20130612134736 =008 ***********************************ind** =035 ##$$0010-061300000032747 =041 ##$$a ind =082 ##$$a 348.007 =090 ##$$a 348.007, Ham p =100 ##$$a Handoyo, R. Hestu Cipto =245 ##$$a Prinsip-prinsip legal Drafting dan Desain Naskah Akademi =260 ##$$a 2009 $b Yogyakarta =300 ##$$a xix,403 hlm., 23 cm =650 ##$$a Perundang-undangan Pendidikan =850 ##$$a NBPNMAT